=LDR 00000nam 2200000 4500 =001 INLIS000000000014047 =005 20130612105343 =008 ***********************************Ind** =035 ##$$0010-061300000014047 =041 ##$$a Ind =082 ##$$a R.398.803 =090 ##$$a R.398.803, Dar k =100 ##$$a Darmasucipto, F.S =245 ##$$a Kamus pribahasa Jawa, Dengan penjelasan kata-kata dan pengertiannya, F.S.Darmasucipto =260 ##$$a 1985 $b Yogyakarta =300 ##$$a 218 hlm, 21 cm =650 ##$$a Pepatah - Kamus - Jawa =850 ##$$a NBPNMAT